[Event "24th Bosnjaci Open 2019"]
[Site "Bosnjaci"]
[Date "2019.01.08"]
[Round "8.2"]
[White "Fercec, Nenad"]
[Black "Sale, Srdjan"]
[Result "1/2-1/2"]
[WhiteElo "2451"]
[BlackElo "2446"]
[Annotator "TA"]
[PlyCount "22"]
[EventDate "2019.01.03"]
[EventType "swiss"]
[EventCountry "CRO"]
[SourceTitle "playchess.com"]
[Source "ChessBase"]
[SourceQuality "1"]

{[%evp 14,22,14,-19,5,10,10,3,14,9,14]} 1. e4 c5 2. Nf3 Nc6 3. Bb5 g6 4. c3 Nf6 5. Qe2 Bg7 6. O-O O-O 7. h3 d6 {B31: Sicilian: 2...Nc6 3 Bb5 g6} (7... e5 8. d3 d6 9. a4 h6 10. Nbd2 Na5 11. Bc4 Nh5 12. Nb3 Nxc4 13. dxc4 Be6 14. Be3 Qe8 15. Nh2 {0-1 (45) Andriasian,Z (2621)-Zhigalko,S (2671) Tallinn 2016}) 8. Rd1 {LiveBook: 4 Games. The position is equal.} Qc7 9. d4 a6 10. Ba4 b5 11. Bc2 $146 ({Predecessor:} 11. Bb3 e5 12. dxc5 dxc5 13. Nbd2 Bb7 14. a4 c4 15. Bc2 {½-½ (38) Krayz,A (2384)-Zaslavsky,M (2279) Israel 2008}) 11... e5 1/2-1/2

[Event "24th Bosnjaci Open 2019"]
[Site "Bosnjaci"]
[Date "2019.01.08"]
[Round "8.3"]
[White "Rogulj, Branko"]
[Black "Muratovic, Efim"]
[Result "0-1"]
[WhiteElo "2413"]
[BlackElo "2389"]
[Annotator "TA"]
[PlyCount "68"]
[EventDate "2019.01.03"]
[EventType "swiss"]
[EventCountry "CRO"]
[SourceTitle "playchess.com"]
[Source "ChessBase"]
[SourceQuality "1"]

{[%evp 20,68,32,0,106,102,98,95,102,95,164,29,81,68,77,81,84,0,0,0,0,0,0,-56,-34,-71,0,0,0,-120,-131,-291,-291,-294,-297,-827,-339,-415,-415,-872,-307,-281,-247,-526,-482,-1241,-1241,-1233,-1203,-1051,-1032]} 1. e4 c5 2. Nc3 e6 3. g3 Nc6 4. Bg2 Nf6 5. Nge2 a6 6. O-O Be7 7. d4 cxd4 8. Nxd4 Qc7 9. Re1 Nxd4 10. Qxd4 Bc5 {B47: Sicilian: Taimanov: 5 Nc3 Qc7 6 f4, 6 g3 and 6 Be2} (10... e5 11. Qd3 h6 12. a4 d6 13. a5 Be6 14. Bd2 Rc8 15. b3 O-O 16. Ra2 Rfd8 17. Nd5 Nxd5 18. exd5 Bd7 {1-0 (60) Moskalenko,A (2533)-Gorbatov,A (2397) Moscow 2018}) 11. Bf4 {LiveBook: 18 Games. And now Qxf6 would win.} Qb6 (11... d6 $1 $11 {keeps the balance.} 12. Qd2 Ng4) 12. Qd2 $16 {Na4 is the strong threat.} Ng4 {[%cal Rc5f2] White is better.} 13. Rf1 e5 14. Nd5 Qc6 (14... Qd8 $16) 15. Be3 $146 (15. b4 $18 Bd4 16. c3) ({Predecessor:} 15. b4 Ba7 16. h3 Nxf2 17. Rxf2 exf4 18. Qxf4 Bxf2+ 19. Qxf2 {1-0 (34) Schuermans,R (2107)-Draftian,A (2288) Gent 2010}) 15... Bxe3 (15... Nxe3 $11 {remains equal.} 16. fxe3 d6) 16. fxe3 d6 17. h3 Nf6 18. Rxf6 (18. Nxf6+ $16 gxf6 19. Rxf6) 18... gxf6 $11 19. Qf2 Be6 $1 20. Qxf6 {[%csl Gd5][%cal Rf6e7]} Kd7 21. Rd1 (21. Qe7+ $11 Kc8 22. Qf6) 21... Rae8 (21... Bxd5 $5 22. Rxd5 Kc7 $11) 22. Rd3 {Hoping for Rc3.} Bxd5 ({Better is} 22... Qxc2 $17 23. Nb6+ Kc7 24. Rc3+ {[#]} Qxc3 $1 {[%mdl 512]} 25. bxc3 Kxb6) 23. exd5 Qxc2 {[%mdl 64] [#] Double Attack} 24. Be4 (24. Rb3 $11 b5 25. e4 Qc5+ 26. Kh2) 24... Qc1+ ({Much weaker is} 24... Qxb2 $6 25. Rb3 $11) 25. Kg2 $2 (25. Kh2 $17 {was necessary.} Qxb2+ 26. Bg2) 25... Qxb2+ $19 {[%mdl 64] Double Attack} 26. Kf3 {Strongly threatening Rb3.} Qc1 27. Kg4 $2 (27. Kg2 Qc2+ 28. Qf2 Qxf2+ 29. Kxf2) 27... Qc4 (27... h5+ $142 28. Kg5 Reg8+ 29. Kh4 Qc4 30. Qxf7+ Kd8) 28. Qf5+ Kc7 29. Rb3 (29. Kh5 $142 Qxa2 30. Qxf7+ Kb8 31. g4) 29... Kb8 $2 (29... h5+ 30. Kh4 Kb8) 30. Kh5 Qc7 31. g4 $2 (31. Qf6) 31... Qe7 {Black is clearly winning.} 32. Rb2 (32. Qg5 $142 f6 33. Qf5) 32... Reg8 33. Rf2 Rg6 {( -> ...h6)} 34. h4 h6 {Accuracy: White = 17%, Black = 43%.} 0-1

[Event "24th Bosnjaci Open 2019"]
[Site "Bosnjaci"]
[Date "2019.01.08"]
[Round "8.4"]
[White "Kovacevic, Blazimir"]
[Black "Goric, Esad"]
[Result "1/2-1/2"]
[WhiteElo "2488"]
[BlackElo "2260"]
[Annotator "TA"]
[PlyCount "131"]
[EventDate "2019.01.03"]
[EventType "swiss"]
[EventCountry "CRO"]
[SourceTitle "playchess.com"]
[Source "ChessBase"]
[SourceQuality "1"]

{[%evp 17,130,39,46,50,55,26,31,28,37,30,46,44,31,18,30,8,9,13,14,8,14,27,26,7,30,0,11,0,0,-19,0,0,8,0,24,12,10,0,34,24,14,0,75,0,0,-10,-21,-73,-33,-62,-23,-14,-22,-13,-13,-20,-21,-18,-10,-64,15,15,15,15,15,15,15,15,15,15,15,15,15,15,16,16,16,0,16,0,20,30,92,30,92,92,92,92,92,92,92,92,92,92,92,92,92,92,92,0,0,0,0,0,0,0,0,0,0,0,0,0,0,0,0]} 1. c4 Nf6 2. Nc3 e5 3. g3 d6 4. Bg2 Be7 5. e3 O-O 6. Nge2 c6 7. d4 Nbd7 8. O-O Re8 9. b3 Qc7 {LiveBook: 10 Games. A53: Old Indian Defence without Nf3} 10. h3 Nf8 11. Qc2 (11. e4 a6 12. Be3 b5 13. Rc1 b4 14. Na4 c5 15. d5 Bd8 16. a3 {½-½ (85) Damljanovic,B (2541)-Peptan,C (2397) Arad 2017}) 11... Bd7 {White has an edge.} 12. Bb2 Rac8 $146 ({Predecessor:} 12... Rad8 13. dxe5 dxe5 14. Rad1 Qc8 15. Kh2 Bf5 16. e4 Bg6 17. f4 Rxd1 18. Rxd1 exf4 19. Nxf4 {½-½ (28) Matrisch,H-Weigert,M Germany 2003}) 13. Rad1 b5 14. c5 b4 15. cxd6 Bxd6 16. dxe5 Bxe5 17. Na4 c5 18. Bxe5 Qxe5 19. Nb2 Bf5 20. Qc1 Red8 21. f3 Qc7 22. g4 Bd7 23. Nc4 Bb5 24. f4 Ng6 25. Ng3 Ne8 26. Rxd8 Rxd8 27. Rf2 Ne7 28. Rc2 Nd5 29. Ne4 Nef6 {[#]} (29... Qe7 $11) 30. Nxf6+ (30. Ncd6 $1 $16 Rxd6 31. Nxd6 Qxd6 32. Qd2) 30... gxf6 $11 31. Bxd5 Rxd5 32. Nb2 (32. Kf2 $11) 32... Qd6 33. g5 fxg5 {Hoping for ...Qg6.} (33... Bd3 $5 34. Rd2 fxg5 $15) 34. e4 Rd4 35. Rxc5 {[%mdl 64] Double Attack} Rd2 36. Rxg5+ Kf8 {( -> ...Qd4+)} 37. Qc5 Qxc5+ 38. Rxc5 Rxb2 (38... a6 $15 39. Nc4 Bxc4 40. Rxc4 a5) 39. Rxb5 Rxa2 40. Rxb4 {[%mdl 4096] Endgame KR-KR} a5 41. Ra4 Rb2 42. Rxa5 Rxb3 43. Kg2 Re3 44. e5 Kg7 45. Ra7 Kg6 46. Ra6+ Kg7 $1 47. Ra7 {next Kf2 is good for White.} Kg6 48. Ra6+ Kg7 $1 49. h4 {[%cal Bh3h4,Bh4h5][%mdl 32]} h6 {[#]} (49... h5 $1 $11 {keeps the balance.}) 50. Rb6 (50. h5 $1 $16) 50... Kh7 (50... h5 $11 {remains equal.}) 51. h5 Kg7 52. Ra6 Rb3 53. Rc6 Ra3 54. Rd6 Rb3 55. Ra6 Rc3 56. Ra7 Kg8 57. Rb7 Ra3 58. f5 ({White should try} 58. Rb8+ $16 Kh7 59. Re8) 58... Ra5 {The position is equal.} 59. Rb8+ Kg7 60. f6+ Kh7 61. Re8 (61. e6 $5 {[%cal Re6e7]} Rg5+ 62. Kh3 $18) 61... Ra2+ 62. Kg3 {Strongly threatening e6.} Ra3+ 63. Kg4 {e6 is the strong threat.} Ra4+ 64. Kf3 $1 Rf4+ 65. Kg3 {Rh8+! would kill now.} Rg4+ 66. Kxg4 $2 {[%mdl 8192] Accuracy: White = 40%, Black = 62%.} (66. Kf2) 1/2-1/2

[Event "24th Bosnjaci Open 2019"]
[Site "Bosnjaci"]
[Date "2019.01.08"]
[Round "8.5"]
[White "Ivekovic, Bozidar"]
[Black "Stocko, Josip"]
[Result "1/2-1/2"]
[WhiteElo "2398"]
[BlackElo "2282"]
[Annotator "TA"]
[PlyCount "104"]
[EventDate "2019.01.03"]
[EventType "swiss"]
[EventCountry "CRO"]
[SourceTitle "playchess.com"]
[Source "ChessBase"]
[SourceQuality "1"]

{[%evp 28,104,0,0,0,-15,-7,-16,-20,-11,-23,-19,-16,-9,-7,-20,0,0,0,0,0,0,0,-6,0,0,0,0,10,0,0,0,0,2,14,0,0,0,0,0,0,0,0,0,0,0,0,0,0,0,0,0,0,0,0,0,8,0,11,18,246,0,0,-8,-8,-8,-8,-8,-8,-3,-8,-8,-23,-8,-8,-8,-31,-16,0]} 1. d4 Nf6 2. Nf3 e6 3. c4 b6 4. g3 Bb7 5. Bg2 Be7 6. O-O O-O 7. Nc3 Ne4 8. Qc2 Nxc3 9. Qxc3 c5 10. Rd1 d6 11. dxc5 {E19: Queen's Indian: Old Main Line with 7...Ne4 8 Qc2 Nxc3 8 Qxc3} (11. d5 exd5 12. cxd5 Bf6 13. Qc2 Nd7 14. Bf4 Qe7 15. e4 Rfe8 16. Re1 Ne5 17. Nxe5 Bxe5 18. Bxe5 Qxe5 19. f4 {½-½ (39) Mamedyarov,S (2747)-Ivanchuk,V (2710) Huaian 2016}) 11... bxc5 12. b3 Bf6 13. Qc2 Nc6 {[%cal Bb8c6,Bc6e5,Be5g4][%mdl 32]} 14. Bb2 Bxb2 15. Qxb2 {LiveBook: 3 Games} Qe7 16. e3 $146 ({Predecessor:} 16. Rd2 Rfd8 17. Rad1 Rd7 18. a3 {0-1 (61) Vedral,O (2291)-Kratochvil,J (2136) Pardubice 2012}) 16... Rfd8 17. Rac1 a5 18. Nd2 Ne5 {White must now prevent ...Bxg2.} 19. Ne4 f5 20. f4 Ng4 21. Qe2 $1 Rab8 22. Nc3 Bxg2 23. Kxg2 Qb7+ 24. Kg1 Nf6 25. Qg2 Qxg2+ 26. Kxg2 Kf7 27. Kf3 h6 28. Rd3 Ke7 29. Rcd1 Rd7 30. h3 g5 31. e4 (31. g4 {with more complications.} fxg4+ 32. hxg4 Rg8 33. Rg1 Rdd8 34. Rd2) 31... fxe4+ 32. Nxe4 Nxe4 33. Kxe4 gxf4 34. Kxf4 $11 {[%mdl 4096] Endgame KRR-KRR} a4 35. Kg4 ({Much worse is} 35. bxa4 Rb4 $17) 35... axb3 36. axb3 Rg8+ 37. Kh5 Rdd8 38. h4 Rdf8 39. g4 $1 ({Don't blunder} 39. Rxd6 $2 Rf5+ 40. Kxh6 Kf6 $19) (39. Kxh6 $2 Rf6+ 40. Kh7 Kf8 $19) 39... Rf4 40. Rg3 Rh8 41. Ra1 Kf6 42. Ra6 Rd8 43. Ra7 {Threatening g5+.} Rg8 $2 {[#]} (43... Rh8 $1 $11) 44. Rh7 $2 ({Weaker is} 44. Kxh6 Rgxg4 45. Rxg4 Rxg4 $15) (44. g5+ $1 $18 hxg5 45. hxg5+ Ke5 46. g6) 44... Rf5+ $1 45. g5+ hxg5 {( -> ...g4+)} 46. Rh6+ Ke5 {[%cal Rg5g4]} 47. hxg5 d5 48. cxd5 exd5 49. Rc6 Kf4 50. Rg4+ Kf3 51. Rg1 {[#] aiming for Rf1+.} Kf2 52. Rg4 Kf3 {Accuracy: White = 73%, Black = 67%.} 1/2-1/2

[Event "24th Bosnjaci Open 2019"]
[Site "Bosnjaci"]
[Date "2019.01.08"]
[Round "8.6"]
[White "Zufic, Miroslav"]
[Black "Cvitan, Ena"]
[Result "1/2-1/2"]
[WhiteElo "2389"]
[BlackElo "2201"]
[Annotator "TA"]
[PlyCount "122"]
[EventDate "2019.01.03"]
[EventType "swiss"]
[EventCountry "CRO"]
[SourceTitle "playchess.com"]
[Source "ChessBase"]
[SourceQuality "1"]

{[%evp 23,122,34,23,16,15,18,16,8,11,10,9,6,11,15,22,26,25,25,31,16,25,34,47,-7,-9,-8,0,0,0,-16,7,0,0,0,19,5,5,4,18,3,34,7,0,0,0,0,0,-24,0,0,0,0,0,0,48,38,129,108,100,101,216,191,202,165,199,0,42,-15,-13,-34,54,11,0,0,0,0,0,0,58,0,23,0,0,-56,0,-54,-6,-54,-46,-165,-165,-170,72,76,147,0,0,0,147,0,0]} 1. e4 c6 2. d4 d5 3. exd5 cxd5 4. Bd3 Nc6 5. c3 Nf6 6. Bf4 Bg4 7. Qb3 Qc8 8. Nd2 e6 9. Ngf3 Be7 10. O-O Bh5 11. Rfe1 O-O 12. h3 {B13: Caro-Kann: Exchange Variation and Panov-Botvinnik Attack} (12. g3 Bg6 13. Bxg6 hxg6 14. h4 Re8 15. Kg2 Nh5 16. Be3 b5 17. a3 a5 18. Qd1 b4 19. a4 Rb8 {0-1 (63) Giri,A (2782)-Mamedyarov,S (2801) chess.com INT 2018}) 12... Bg6 {LiveBook: 17 Games} 13. Bf1 Ne4 14. Nxe4 Bxe4 15. Re3 $146 ({Predecessor:} 15. Nd2 Bg6 16. a4 Qd7 17. Nf3 a6 18. Ne5 Nxe5 19. Bxe5 Bd6 {½-½ (30) Semeniuk,A (2415)-Guliev,S (2470) Vladivostok 1995}) 15... a6 16. a4 Qd7 17. Qd1 Bd6 18. Bxd6 Qxd6 19. Nd2 Bg6 20. a5 f6 21. Bd3 Bxd3 22. Rxd3 Rfe8 23. Nf1 (23. b4 $14) 23... Qc7 $11 24. Qa4 Re7 25. Ne3 Rd8 26. Rdd1 Na7 27. Rac1 Nc6 28. b4 Qd7 29. Qb3 Qd6 30. Rd2 Rc8 31. Re1 Kf7 32. Qb1 g6 33. Rd3 Na7 34. h4 {[%cal Bh3h4,Bh4h5,Bh5h6][%mdl 32]} Nb5 35. Qb2 Rec7 {[%cal Rc7c3]} 36. Nd1 Qf4 37. Qe2 Re8 38. Rf3 Qd6 39. h5 g5 (39... Qf8 $14) 40. Qd3 $16 Rh8 41. Qd2 Kg7 {[#]} (41... Rg8 $16) 42. h6+ $1 $18 {[%mdl 512]} Kg6 (42... Kxh6 43. Rxf6+) 43. Qd3+ Kf7 44. Qd2 $2 ({White has to play} 44. Rfe3 $18) 44... Rg8 45. Rfe3 (45. Nb2 $14) 45... Re7 $1 $11 46. Qe2 g4 ({Black should try} 46... Rg6 $15) 47. Nb2 Rg6 48. g3 Qc6 49. Na4 f5 50. Re5 Rf6 (50... Qe8 $11) 51. Nc5 Nxc3 52. Qe3 Ne4 $1 53. Nd3 (53. Rc1 $11 Nxc5 54. bxc5 (54. Rxc5 Qe8 $17)) 53... Qd6 (53... Qc8 $15) 54. Rc1 (54. Qf4 $11 Qd8 55. R5xe4 dxe4 56. Ne5+ Ke8 57. Rxe4 $1 {[%mdl 512]}) 54... Rc7 55. Rxc7+ Qxc7 56. Rxe4 ({White should play} 56. Kg2 $15) 56... dxe4 {KQR-KQN} 57. Ne5+ Kf8 $2 (57... Ke8 $1 $19 {...f4! is the strong threat.} 58. Kg2 f4 59. gxf4 Kf8 60. Qxe4 Rxh6 61. Nxg4 Rg6) 58. Qg5 $16 {[%mdl 1024] [#] White has strong compensation.} Qe7 (58... Rf7 $142 $1) 59. Qc1 {Strongly threatening Qc8+.} Kg8 {Hoping for ...Rf8.} 60. Qg5+ Kf8 $1 {[#]} 61. Qc1 (61. Nd7+ $1 $16 {[%mdl 512]} Qxd7 62. Qxf6+ Qf7 63. Qe5) 61... Kg8 {Precision: White = 46%, Black = 43%.} 1/2-1/2

[Event "24th Bosnjaci Open 2019"]
[Site "Bosnjaci"]
[Date "2019.01.08"]
[Round "8.7"]
[White "Beletic, Daniel"]
[Black "Ivekovic, Tihana"]
[Result "1-0"]
[WhiteElo "2371"]
[BlackElo "2071"]
[Annotator "RC"]
[PlyCount "37"]
[EventDate "2019.01.03"]
[EventType "swiss"]
[EventCountry "CRO"]
[SourceTitle "playchess.com"]
[Source "ChessBase"]
[SourceQuality "1"]
[TimeControl "5400+30"]

1. Nf3 {[%emt 0:01:30]} d5 {[%emt 0:00:30]} 2. c4 {[%emt 0:00:30]} e6 {[%emt 0:00:00]} 3. g3 {[%emt 0:00:30]} Nf6 {[%emt 0:00:00]} 4. Bg2 {[%emt 0:00:00]} Be7 {[%emt 0:00:30]} 5. O-O {[%emt 0:00:00]} O-O {[%emt 0:00:00]} 6. b3 {[%emt 0:00:30]} b6 {[%emt 0:02:00]} 7. Nc3 {[%emt 0:02:30]} Bb7 {[%emt 0:00:30]} 8. e3 {[%emt 0:00:00]} Nbd7 {[%emt 0:00:30]} 9. Qe2 {[%emt 0:03:00]} c5 {[%emt 0:02:30]} 10. Bb2 {[%emt 0:00:30]} Qc7 {[%emt 0:02:30]} 11. Nh4 {[%emt 0:02:30]} Rfe8 {[%emt 0:15:30]} 12. cxd5 {[%emt 0:05:30]} exd5 {[%emt 0:00:30]} 13. d4 {[%emt 0:00:30]} Ne4 {[%emt 0:08:30]} 14. Nf5 {[%emt 0:07:30]} Bf8 {[%emt 0:02:30]} 15. dxc5 {[%emt 0:07:30]} bxc5 {[%emt 0:00:00]} 16. Nxe4 {[%emt 0:05:30]} dxe4 {[%emt 0:00:00]} 17. Nh6+ {[%emt 0:00:30]} Kh8 {[%emt 0:00:30]} 18. Nxf7+ {[%emt 0:00:30]} Kg8 {[%emt 0:00:00]} 19. Nh6+ {[%emt 0:00:30]} 1-0

[Event "24th Bosnjaci Open 2019"]
[Site "Bosnjaci"]
[Date "2019.01.08"]
[Round "8.8"]
[White "Blagojevic, Marijan"]
[Black "Klasan, Vladimir"]
[Result "0-1"]
[WhiteElo "2203"]
[BlackElo "2364"]
[Annotator "TA"]
[PlyCount "86"]
[EventDate "2019.01.03"]
[EventType "swiss"]
[EventCountry "CRO"]
[SourceTitle "playchess.com"]
[Source "ChessBase"]
[SourceQuality "1"]

{[%evp 23,86,66,61,10,50,0,0,0,15,0,61,34,61,64,61,58,74,68,101,102,95,94,116,112,127,86,87,68,101,66,77,33,52,39,51,25,31,0,0,-26,-24,-35,-10,-15,-6,-58,-56,-61,-64,-62,-41,-81,-60,-80,-27,-25,-26,-16,-27,-89,-85,-77,-85,-573,-573]} 1. d4 Nf6 2. c4 c5 3. d5 e6 4. Nc3 exd5 5. cxd5 d6 6. e4 g6 7. f4 Bh6 8. Bb5+ Nbd7 9. Nf3 O-O 10. O-O a6 11. Bd3 Re8 12. a4 Bg7 13. Kh1 {A68: Modern Benoni: Four Pawns Attack without 9...Re8} (13. Bc2 $14) 13... Qc7 (13... c4 $5 14. Bc2 b6 $11) 14. Re1 c4 $1 {[%cal Rc4d3]} 15. Bc2 {The position is equal.} Nc5 $1 16. h3 Nfd7 $146 ({Black should play} 16... b6 $1 $11) ({Predecessor:} 16... Kh8 17. e5 Nfd7 18. Ng5 Rf8 19. e6 fxe6 20. dxe6 Nf6 21. e7 Re8 22. Nd5 Nxd5 23. Qxd5 h6 24. Bxg6 Rxe7 25. Rxe7 Qxe7 26. Nf7+ Kg8 27. Nxh6+ {1-0 (26) Charochkina,D (2298)-Guzzetti,L (1907) Olomouc 2010}) 17. a5 $14 b5 {[#] ...b4 is the strong threat.} 18. axb6 $1 Qxb6 19. Rb1 Bb7 20. Be3 Qc7 21. Bd4 Bh6 22. g3 Nb6 23. Kh2 Rac8 24. f5 Nbd7 25. Qe2 Qd8 26. Qf2 Bg7 27. Rbd1 Ne5 28. Nxe5 Bxe5 29. Bxe5 (29. Na4 {is more complex.} Nd7 30. Rf1 Qf6 31. Kg2 Bxd4 32. Rxd4 g5 33. Bd1) 29... Rxe5 30. f6 Rb8 31. Rf1 Bc8 $36 {[%mdl 2048] Black has the initiative.} 32. Rb1 Rh5 33. h4 $1 Qe8 34. Bd1 ({Better is} 34. Qe3 $11) 34... Re5 $15 35. Bf3 Bd7 36. Qd4 Rb4 37. Bg2 h5 38. Rf2 Qd8 (38... a5 $17) 39. Na2 $1 $11 {[%cal Ra2b4]} Rb3 40. Nc1 Rb8 41. Qxc4 (41. b4 $1 $11) 41... Bb5 $17 42. Qd4 {[#]} Nd7 $1 {[%mdl 1024] Black has strong compensation.} 43. Qa7 $2 {[%mdl 8192]} (43. Nb3 $17) 43... Nc5 {Accuracy: White = 28%, Black = 49%.} 0-1

[Event "24th Bosnjaci Open 2019"]
[Site "Bosnjaci"]
[Date "2019.01.08"]
[Round "8.9"]
[White "Zovko, Mario"]
[Black "Lazor, Vladimir"]
[Result "1-0"]
[WhiteElo "2318"]
[BlackElo "2164"]
[Annotator "TA"]
[PlyCount "101"]
[EventDate "2019.01.03"]
[EventType "swiss"]
[EventCountry "CRO"]
[SourceTitle "playchess.com"]
[Source "ChessBase"]
[SourceQuality "1"]

{[%evp 15,101,43,77,67,79,63,81,85,77,75,96,82,84,85,119,66,89,53,44,33,96,104,105,104,95,102,105,85,170,131,132,150,146,141,234,222,296,208,209,211,229,218,253,147,153,149,155,155,163,156,155,154,172,159,194,191,243,187,187,189,187,195,181,146,177,185,198,170,197,153,198,150,228,226,256,242,382,362,440,351,702,690,665,665,845,821,29978,12289]} 1. e4 c5 2. Nf3 Nc6 3. c3 g6 4. d4 cxd4 5. cxd4 Bg7 6. Nc3 d6 7. h3 Nf6 8. d5 {B22: Sicilian: 2 c3} (8. Be3 O-O 9. Be2 a6 10. O-O b5 11. d5 Nb8 12. a4 b4 13. Na2 Nxe4 14. Nxb4 Bxb2 15. Bd4 Nc3 16. Qd2 Nxe2+ 17. Qxe2 Bxd4 18. Nxd4 {0-1 (42) Gaponenko,I (2406)-Gvetadze,S (2308) Tbilisi 2018}) 8... Nb8 {LiveBook: 3 Games} 9. Bd3 Nbd7 10. O-O {White is better.} O-O 11. Be3 Nc5 12. Bc2 Nfd7 13. Bd4 Bxd4 $146 ({Predecessor:} 13... Qc7 14. Bxg7 Kxg7 15. Re1 a5 16. Qd2 Ne5 17. Qd4 Kg8 18. Nh2 {0-1 (45) Travaglini,R (1622)-Colombo,L (1874) Milan 2010}) 14. Nxd4 a5 15. b3 (15. Qd2 $16) 15... Nf6 16. Qd2 Bd7 17. Rfe1 {[%cal Bf1e1,Be1e3,Be3f3][%mdl 32]} e5 (17... Qb6 $14) 18. dxe6 $1 $16 Nxe6 19. Rad1 Rc8 20. Re3 Qb6 21. Nde2 Rc6 (21... Bb5 $16) 22. Rf3 Qd8 23. Nd5 Ne8 24. Bd3 N6c7 (24... Rc5 $16 {is a better defense.} 25. a3 Ng5) 25. Qxa5 $18 Be6 26. Nef4 Rc5 27. Qb6 {b4 is the strong threat.} Bxd5 28. Nxd5 {And now b4 would win.} Qb8 29. Nxc7 ({White should try} 29. Ne7+ $18 Kg7 30. Bc4) 29... Qxc7 $16 30. Qxc7 Nxc7 31. a4 d5 32. exd5 Rxd5 33. Rc1 Ne6 34. Bc4 Rc5 35. Rd1 Rd8 (35... Rc7 $142 36. Bxe6 fxe6) 36. Rfd3 Rxd3 37. Rxd3 ({Don't take} 37. Bxd3 $6 Rc3 $16) 37... Rc7 38. Bxe6 fxe6 $18 {[%mdl 4096] Endgame KR-KR} 39. Rf3 Rc1+ 40. Kh2 Rb1 41. Kg3 b6 42. Kg4 Kg7 43. h4 e5 {[#]} (43... Rb2 $16 44. Kf4 Re2) 44. Rc3 $1 Rb2 45. Kf3 h5 (45... Kf7 {might work better.} 46. g3 Ke8) 46. g3 Kh6 47. Ke3 e4 $2 {[#]} (47... Kg7 48. f3 Rg2) 48. Kxe4 Rxf2 49. Kd5 Rf6 50. b4 g5 51. Rc6 {Accuracy: White = 65%, Black = 30%.} 1-0

[Event "24th Bosnjaci Open 2019"]
[Site "Bosnjaci"]
[Date "2019.01.08"]
[Round "8.10"]
[White "Babic, Zvonko"]
[Black "Bobanac, Miro"]
[Result "0-1"]
[WhiteElo "2190"]
[BlackElo "2308"]
[Annotator "TA"]
[PlyCount "110"]
[EventDate "2019.01.03"]
[EventType "swiss"]
[EventCountry "CRO"]
[SourceTitle "playchess.com"]
[Source "ChessBase"]
[SourceQuality "1"]

{[%evp 21,110,-6,14,-12,-2,-15,0,0,6,0,0,-27,-11,-46,0,0,0,-4,-7,-15,-16,-88,-43,-31,-25,-40,-5,-18,-11,-16,0,-9,-8,-14,20,0,4,0,4,-1,-14,-129,-133,-412,-412,-412,-412,-412,-412,-412,-412,-600,-465,-540,-535,-734,-699,-4602,-4018,-3454,-4662,-3562,-1646,-4018,-3160,-2377,-2164,-2008,-1881,-1650,-1072,-29940,-29938,-29955,-29960,-29954,-29954,-29968,-29969,-29971,-29972,-29973,-29972,-29972,-29963,-29990,-29991,-29993,-29989,-29989,-29987]} 1. d4 Nf6 2. c4 e6 3. g3 d5 4. Bg2 Be7 5. Nf3 O-O 6. Qc2 Nbd7 7. O-O c6 8. Nbd2 b5 9. b3 bxc4 10. bxc4 Ba6 11. Rd1 {E09: Closed Catalan: Main Line: 7 Qc2 c6 8 Nbd2} Qa5 {LiveBook: 5 Games} 12. Bf1 c5 13. cxd5 {The position is equal.} exd5 $146 ({Predecessor:} 13... Nxd5 14. Bb2 Rac8 15. Nb3 Qa4 16. dxc5 Nxc5 {½-½ (46) Burmakin,V (2550)-Ovetchkin,R (2475) Moscow 1998}) 14. Nb3 Qa4 {[#] ...c4 is the strong threat.} 15. dxc5 Nxc5 {[%cal Bd7c5,Bc5e4,Be4c3,Bc3e2][%mdl 32]} 16. Bf4 Nce4 17. Bh3 Rac8 18. Bxc8 Rxc8 19. Qb2 Nc3 {Hoping for ...Ba3.} 20. Rd4 Qb5 21. e3 (21. Rd2 $1 $11 {remains equal.}) 21... Ne2+ 22. Kg2 $1 Nxd4 23. Nfxd4 Qd3 24. Qd2 Qxd2 25. Nxd2 Ne4 26. Nxe4 dxe4 27. Rb1 g5 28. Nf5 Bd8 29. Bb8 Bd3 30. Rb2 Bf6 {aiming for ...Rc1.} 31. Bxa7 {[#]} (31. Rb4 $11) 31... Bf1+ $1 $17 {[%mdl 512]} 32. Kg1 $2 {[%mdl 8192]} (32. Kxf1 $17 {was forced.} Rc1+ 33. Kg2 Bxb2 34. Nd6) 32... Bh3 $19 {[%cal Rc8c1]} ({Worse is} 32... Bxb2 33. Ne7+ Kg7 34. Nxc8 $11) 33. Rb8 Rxb8 {[%cal Rb8b1]} ({Much less strong is} 33... Bxf5 34. Rxc8+ Bxc8 35. Bc5 $19) 34. Nh6+ Kg7 {[%cal Rb8b1]} 35. Bxb8 Kxh6 36. f3 (36. Bc7 $142) 36... Be6 37. fxe4 Bxa2 38. g4 Bc3 39. Kf2 f6 40. Bd6 Be5 41. Be7 Kg7 (41... Bb1 $142 42. Kf3 Bd3) 42. h3 Kf7 43. Bc5 Ke6 44. Bb6 Kd7 45. Bc5 Kc6 46. Ba7 Kb5 {Black mates.} 47. Ke2 Bb1 48. Kf3 Kc4 49. Bb6 Kd3 50. Bc5 Bc2 51. Be7 Bd1+ 52. Kf2 Kxe4 53. h4 gxh4 54. g5 Bg3+ 55. Kg2 f5 {Accuracy: White = 14%, Black = 72%.} 0-1